[Event "Cappelle op 31st"]
[Site "Cappelle la Grande"]
[Date "2015.03.06"]
[Round "8"]
[White "L'Ami, Erwin"]
[Black "Blomqvist, Erik"]
[Result "1/2-1/2"]
[WhiteElo "2606"]
[BlackElo "2521"]
[Annotator "RR"]
[PlyCount "70"]
[EventDate "2015.02.28"]
[EventType "swiss"]
[EventRounds "9"]
[EventCountry "FRA"]
[SourceTitle "EXT 2016"]
[Source "ChessBase"]
[SourceDate "2015.10.08"]
[SourceVersion "1"]
[SourceVersionDate "2015.10.08"]
[SourceQuality "1"]

1. d4 {[%emt 0:00:00]} d5 {[%emt 0:00:00]} 2. c4 {[%emt 0:00:00]} c6 {[%emt 0:
00:00]} 3. Nf3 {[%emt 0:00:00]} Nf6 {[%emt 0:00:00]} 4. Nc3 {[%emt 0:00:05]}
dxc4 {[%emt 0:00:00]} 5. a4 {[%emt 0:00:08]} Bf5 {[%emt 0:00:05]} 6. e3 {
[%emt 0:00:13]} e6 {[%emt 0:00:08]} 7. Bxc4 {[%emt 0:00:08]} Bb4 {[%emt 0:00:
07]} 8. O-O {[%emt 0:00:10]} Nbd7 {[%emt 0:00:23]} 9. Qe2 {[%emt 0:00:28]} Bg6
{[%emt 0:00:23]} (9... O-O) 10. e4 {[%emt 0:00:08]} Bxc3 {[%emt 0:00:21]} (
10... O-O 11. e5 Nd5 12. Nxd5 cxd5 13. Bd3 Bxd3 14. Qxd3 h6 15. Qb5 a5 {
Graf,A (2637)-Duchateau,T (2146) Neckar op-A 9th 2005 (1) 1-0} (15... Qe7 $146
16. Ne1 Nb8 {Avrukh})) 11. bxc3 {[%emt 0:00:06]} Nxe4 {[%emt 0:00:09]} 12. Ba3
{[%emt 0:03:11] Le thème du gambit} Qc7 {[%emt 0:00:09]} 13. a5 {[%emt 0:14:
16]} (13. Rfc1 c5 14. Bb5 O-O 15. Bxd7 Qxd7 16. Ne5 Qd5 17. f3 Nf6 18. Bxc5
Rfc8 19. a5 b6 20. Be7 Nd7 21. Bb4 Nxe5 22. Qxe5 Qc4 23. Qe1 h5 24. axb6 axb6
25. Rxa8 Rxa8 26. Ra1 Rxa1 27. Qxa1 Qe2 28. Qf1 Qe3+ 29. Qf2 Qc1+ 30. Qf1 Qe3+
31. Qf2 Qc1+ 32. Qf1 Qe3+ {1/2-1/2 (32) Vallejo Pons,F (2695)-Beliavsky,A 
(2628) Legnica 2013}) 13... Qxa5 $146 {[%emt 0:17:57]} (13... Nxc3 14. Qb2 Ne4
15. Rfe1 Ndf6 {1-0 (15) Damaso,R (2440)-Cruz Lopez Claret,C (2240) Leon 1998})
14. Rfe1 {[%emt 0:18:29]} Qc7 {[%emt 0:10:53]} (14... Nxc3 $6 15. Qb2 $44 {
[%csl Ga3]}) 15. Nd2 {[%emt 0:19:13]} Ndf6 {[%emt 0:18:44]} 16. Nxe4 {[%emt 0:
06:59]} Bxe4 {[%emt 0:09:22]} 17. Bb3 {[%emt 0:06:43]} b5 {[%emt 0:04:29]} 18.
c4 {[%emt 0:05:59]} (18. Bc5 {[%csl Gc5,Re8]}) 18... bxc4 {[%emt 0:01:52]} (
18... b4 $5 19. Bxb4 Qb7 {[%csl Rb3,Rb4][%cal Gc6c5,Ge4g2]}) 19. Bxc4 {[%emt 0:
01:34]} a5 {[%emt 0:00:50]} 20. Rac1 {[%emt 0:03:31]} Kd7 {[%emt 0:03:25] Le
Pc3 est difficile à digérer} 21. Qd2 {[%emt 0:03:58]} h6 {[%emt 0:02:41]} 22.
d5 $1 $36 {[%emt 0:01:50]} Bxd5 {[%emt 0:00:31]} 23. Bb5 {[%emt 0:00:13]} Kc8 {
[%emt 0:05:54]} (23... cxb5 24. Rxc7+ Kxc7 25. Rc1+ Kb7 $13) 24. Bxc6 $1 {
[%emt 0:02:11]} Bxc6 {[%emt 0:00:04]} 25. Rxc6 {[%emt 0:00:17]} Qxc6 {[%emt 0:
00:05]} 26. Rc1 {[%emt 0:00:07]} Ra6 {[%emt 0:04:49]} 27. Rxc6+ {[%emt 0:00:12]
} Rxc6 {[%emt 0:00:05]} 28. Qxa5 {[%emt 0:00:10] La Q manque de soutien et
l'attaque Blanche n'est pas trop dangereuse malgré la position exposée du Kc8
} Rd8 {[%emt 0:04:30]} 29. h3 {[%emt 0:03:47]} Nd5 {[%emt 0:01:34]} 30. Qa8+ {
[%emt 0:01:27]} Kd7 {[%emt 0:00:07]} 31. Qb7+ {[%emt 0:00:05]} Nc7 {[%emt 0:00:
42]} 32. Qb4 {[%emt 0:00:48]} Nd5 $11 {[%emt 0:00:26]} 33. Qb7+ {[%emt 0:00:11]
} Nc7 {[%emt 0:05:31]} 34. Qb4 {[%emt 0:00:04]} Nd5 {[%emt 0:00:07]} 35. Qb7+ {
[%emt 0:03:26]} Nc7 1/2-1/2

[Event "Syre Memorial op 35th"]
[Site "Issy les Moulineaux"]
[Date "2012.05.19"]
[Round "5"]
[White "Flom, Gabriel"]
[Black "Cotonnec, Melkior"]
[Result "0-1"]
[WhiteElo "2412"]
[BlackElo "2365"]
[Annotator "RR"]
[PlyCount "136"]
[EventDate "2012.05.17"]
[EventType "swiss"]
[EventRounds "6"]
[EventCountry "FRA"]
[SourceTitle "EXT 2015"]
[Source "ChessBase"]
[SourceDate "2014.11.20"]
[SourceVersion "1"]
[SourceVersionDate "2014.11.20"]
[SourceQuality "1"]

1. d4 {01h30} d5 2. c4 dxc4 3. Nf3 c6 {retombe d'un gambit-dame accepté vers
une slave} 4. Nc3 Nf6 5. a4 Bf5 6. Nh4 (6. e3) (6. Ne5) 6... Bc8 (6... e6) (
6... Bg4 7. h3) (6... Bd7) 7. Nf3 Bf5 8. Nh4 {répète les coups pour gagner du
temps avec l'incrément} Bc8 9. Nf3 Bf5 10. e3 {82} e6 {82} 11. Bxc4 Bb4 {
Retombe sur la variante hollandaise} 12. O-O {82} Nbd7 13. Qb3 {67 la slave
n'était pas prévue par le MI qui est sorti de sa préparation.} (13. Qe2) (13.
Nh4) 13... Qb6 14. Bd2 (14. e4 {La ligne critique} Bg6 15. Bxe6 fxe6 16. a5
Bxa5 17. Qxe6+ Kd8 18. e5 $40 {Riazantsev,A (2635)-Lovkov,R (2436) RUS-chT
16th 2009 (3) 1-0}) 14... O-O {72} 15. Nh4 {67 3ème Nh4 en 15 coups!} (15. Rfd1
) 15... Bd6 {69} (15... Bg4 16. h3 Bh5 17. g4 Bg6 18. Nxg6 hxg6 19. Rfd1 Qa5
20. Be1 Rad8 21. Bf1 e5 22. Bg2 Qb6 23. g5 exd4 24. Rxd4 Bc5 25. Qxb6 Bxb6 26.
Rb4 Nh7 27. a5 Bc5 28. Rxb7 Nxg5 29. b4 Bd6 30. f4 Ne6 {Romanov,E (2554)
-Feller,S (2580)/Moscow 2008/EXT 2010/1-0 (35)}) 16. Nxf5 exf5 {[%csl Ge4]} 17.
Qc2 {[%cal Gc2f5,Ga4a5] 60} g6 {69} 18. a5 $14 {[%csl Rb6,Rb7]} Qc7 19. g3 a6 (
19... Rfe8 20. a6 $5 {[%csl Ra7]}) 20. Rab1 {[%cal Gb2b4] 55} (20. Rfb1 $5 {
[%cal Gb2b4] Plus solide car les Blancs n'avaient pas l'obligation de
sacrifier le Pa5} Bb4 21. Qa4 Bd6 (21... Qd6 22. Ne4 $1) 22. Qb3 (22. e4 Nxe4
23. Bh6) 22... Rae8 23. e4 Nxe4 24. Bh6 $44) 20... Bb4 $1 {48} (20... Qxa5 $6
21. Nb5 Bb4 22. Ra1 Qb6 23. Bxb4 cxb5 24. Bxf8 bxc4 25. Bh6 $36 {[%csl Gh6]})
21. e4 $1 {[%cal Gd2h6] Il faut ouvrir le jeu pour profiter de la paire de B}
fxe4 22. Bh6 {55} Qxa5 {34} 23. Bxf8 Bxf8 $44 24. Nxe4 (24. Rfe1) 24... Nxe4
25. Qxe4 {55} Nf6 {26} 26. Qe5 Qd8 27. Rfe1 Bd6 28. Qg5 Kg7 29. Re2 Qd7 30. Kg2
{38} Rd8 {25} 31. Rbe1 (31. Rd1) 31... Qc7 32. Qe3 Rd7 33. Qf3 Qd8 34. Qc3 Bb8
$1 {[%csl Rd4][%cal Gb8a7] Le P"d4" va être sous pression} 35. Ba2 Ba7 36. d5 {
Le P était condamné mais les Noirs vont obtenir un P passé soutenu par le Ba7}
(36. h4 Bxd4 37. Qf3) 36... cxd5 37. h4 h5 38. f4 $2 {[%csl Rg2,Rg3]} (38. Rd2
d4 39. Qd3) 38... d4 $1 {[%csl Ga7,Gd4]} 39. Qd3 Qa5 40. Bb3 Qc5 41. f5 gxf5
42. Re5 Qc6+ 43. Kh3 Bb8 44. Rxf5 Re7 45. Rg5+ Kf8 46. Rf1 Re3 $1 {[%csl Gb8,
Rg3]} 47. Qxd4 Rxb3 48. Qxf6 Qxf6 49. Rxf6 Ke7 50. Rf2 f6 51. Rg8 Be5 52. Rg2
Kf7 53. Rh8 Kg6 54. Rg8+ Kh7 55. Rd8 Bxb2 $15 {[%csl Ga6,Gb7]} 56. Rgd2 Be5 57.
R2d7+ Kg6 58. Rg8+ Kf5 59. Rh7 a5 60. Rxh5+ Ke6 61. Rhh8 a4 62. h5 a3 63. h6 $2
$138 {Les Blancs avaient moins d'une minute en phase KO} (63. Re8+) 63... a2
64. Re8+ Kf7 65. Ref8+ Kg6 66. Rfg8+ Kf5 67. Ra8 Rxg3+ 68. Kh4 Rg2 0-1

[Event "Groningen op"]
[Site "Groningen"]
[Date "1993.??.??"]
[Round "5"]
[White "Matveeva, Svetlana"]
[Black "Schwartzman, Gabriel"]
[Result "1/2-1/2"]
[WhiteElo "2395"]
[BlackElo "2480"]
[Annotator "Schwartzman,G"]
[PlyCount "48"]
[EventDate "1993.12.??"]
[EventType "swiss"]
[EventRounds "11"]
[EventCountry "NED"]
[SourceTitle "CBM 041"]
[Source "ChessBase"]
[SourceDate "1994.08.01"]
[SourceVersion "1"]
[SourceVersionDate "1994.08.01"]
[SourceQuality "1"]

1. d4 d5 2. c4 c6 3. Nf3 Nf6 4. Nc3 dxc4 5. a4 Bf5 6. e3 e6 7. a5 Bb4 {N} (7...
Nbd7 {41/(437)}) 8. Qa4 Qe7 9. Bxc4 O-O (9... Ne4 $2 10. O-O $1 $16) 10. O-O
Nbd7 11. Nh4 Bg4 $1 12. f3 Bh5 13. g4 Bg6 14. e4 e5 15. Be3 exd4 16. Bxd4 $6 (
16. Nxg6 $142 hxg6 17. Bxd4 Bc5 $10) 16... Nxg4 $1 {[#]} (16... Bc5 17. Rad1
Bxd4+ 18. Rxd4 Qc5 19. Qd1 $14) 17. Nxg6 (17. fxg4 Bxc3 18. Bxc3 Qxh4 $17)
17... Qd6 $1 18. fxg4 (18. Ne7+ $2 Kh8 $1 19. fxg4 Qxd4+ 20. Kg2 Bxc3 21. bxc3
Qxe4+ 22. Kg1 Qxe7 $17) 18... Qxd4+ 19. Kg2 (19. Kh1 $2 Bxc3 20. Nxf8 (20. bxc3
Qxe4+ 21. Kg1 Qxg6 $17) 20... Qxe4+ 21. Kg1 Bd4+ $17) (19. Rf2 Bc5 $1 20. Ne7+
Kh8 21. Raf1 Bxe7 $17) 19... Bxc3 (19... hxg6 $2 20. Qxb4 Ne5 21. Bxf7+ $18) (
19... Qxc4 20. Nxf8 $18) 20. Nxf8 (20. Bxf7+ Rxf7 21. Qb3 Qxe4+ $19) (20. bxc3
Qxe4+ 21. Kg3 Qxg6 $17) 20... Qxe4+ 21. Rf3 Qxg4+ 22. Rg3 (22. Kf2 Bd4+ 23. Ke2
Qe4+ $17) 22... Qe4+ 23. Rf3 Qg4+ (23... Ne5 $4 24. Bxf7+ $18) (23... Kxf8 24.
Qa3+ $18) 24. Rg3 Qe4+ 1/2-1/2

[Event "EU-chT 08th Group5"]
[Site "Paris"]
[Date "1982.06.05"]
[Round "2"]
[White "Botterill, George Steven"]
[Black "Seret, Jean Luc"]
[Result "1-0"]
[WhiteElo "2400"]
[BlackElo "2400"]
[Annotator "Seret,JL"]
[PlyCount "71"]
[EventDate "1982.06.04"]
[EventType "team-match"]
[EventRounds "2"]
[EventCountry "FRA"]
[SourceTitle "EXT 2015"]
[Source "ChessBase"]
[SourceDate "2014.11.20"]
[SourceVersion "1"]
[SourceVersionDate "2014.11.20"]
[SourceQuality "1"]
[WhiteTeam "Wales"]
[BlackTeam "France"]
[WhiteTeamCountry "WLS"]
[BlackTeamCountry "FRA"]

1. d4 d5 2. c4 c6 3. Nf3 Nf6 4. Nc3 dxc4 5. a4 Bf5 6. e3 e6 7. Bxc4 Bb4 8. O-O
O-O 9. Nh4 Bg4 10. f3 Bh5 11. g4 Nd5 (11... Bg6) 12. Ng2 Bg6 13. Qb3 a5 14. Rd1
Nd7 15. e4 N5b6 16. Be2 Qe7 17. Be3 Rac8 $146 (17... e5 $6 18. dxe5 $14) (17...
c5 $15) (17... f6 18. Bf2 Bf7 19. Qc2 Rac8 20. f4 c5 21. d5 exd5 22. Nxd5 Nxd5
23. exd5 Qd6 24. Bc4 Nb6 25. f5 Nxc4 26. Qxc4 Rfd8 27. Nf4 Qe5 28. Ra2 Rd7 29.
b3 Qc3 30. Ne6 Qxc4 31. bxc4 b6 32. Rd3 Re8 33. Re2 Rc8 34. Rde3 Ra8 35. Bg3
Rc8 36. h4 h6 37. Nf4 Ra8 38. Ng6 Rad8 39. Bf4 Rb7 40. g5 h5 41. Ne7+ Kf8 42.
g6 {1-0 (42) Schmidt,W (2505)-Tumurbator,P (2375) Valetta 1980}) 18. Na2 Bd6
19. Kh1 c5 20. dxc5 Bxc5 21. Bd2 Ra8 $6 (21... f5 $3 22. gxf5 Bf7 $3 $40 {
[%cal Gf7b3]}) 22. Qb5 f5 23. exf5 exf5 24. Re1 Kh8 (24... Qd6 $142) 25. Bd1
Qd8 (25... Qd6 $17 {[%csl Rf3,Rh1][%cal Gd6d2]}) 26. g5 Bd6 (26... Bd4) 27.
Bxa5 f4 28. Nh4 Bh5 29. Bc2 Bc5 $4 (29... Rxa5 30. Qxa5 Bc5 $44) 30. Qd3 {
[%csl Rh7]} g6 31. Bc3+ Kg8 32. Bb3+ Rf7 33. a5 Nc8 34. Re5 Nd6 35. Rxc5 Nxc5
36. Qd4 1-0